000 00527nam a2200193Ia 4500
005 20250508161454.0
008 008 250505s9999 xx 000 0 eng d
037 _aBooks to be hide in OPAC
040 _aFEDL
_beng
_cFEDL
041 _aeng
_2eng
084 _a423, CON/O
_qFEDL
100 _aFowler H W
245 0 _aConcise oxford dictionary of current english
250 _a4
260 _aOxford, UK
_bClarendon Press
_c1960
300 _a1552p.
942 _cHB
_h423, CON/O
999 _c1370167
_d1370167